[Event "Coventry International"]
[Site "Coventry"]
[Date "2025.10.31"]
[Round "9.35"]
[White "Matthews, Adrian Ms"]
[Black "Tso, Chi Wai"]
[Result "1/2-1/2"]
[WhiteElo "1804"]
[BlackElo "1817"]
[PlyCount "67"]
[EventDate "2025.10.26"]
[EventType "swiss"]
[EventRounds "9"]
[EventCountry "ENG"]
[SourceTitle "BritBase"]
[Source "John Saunders"]
[SourceDate "2025.10.31"]
[SourceVersion "1"]
[SourceVersionDate "2025.10.31"]
[SourceQuality "1"]

1. e4 c5 2. c3 Nc6 3. Nf3 d6 4. d4 Nf6 5. d5 Ne5 6. Nxe5 dxe5 7. Bb5+ Bd7 8. Bxd7+ Qxd7 9. Qe2 e6 10. c4 exd5 11. cxd5 Qg4 12. Qxg4 Nxg4 13. h3 Nf6 14. Nc3 a6 15. O-O Nd7 16. Be3 Bd6 17. f3 Ke7 18. Rfc1 b5 19. g3 Rhf8 20. g4 h6 21. Ne2 g6 22. Ng3 Rac8 23. Kg2 Rh8 24. h4 Kf6 25. Bxh6 c4 26. Bg5+ Kg7 27. h5 Nc5 28. h6+ Kh7 29. Bf6 Rhe8 30. Rc2 Nd3 31. Ne2 Nb4 32. Rcc1 Nd3 33. Rc2 Nb4 34. Rcc1 1/2-1/2